00000000nam 2200000zi 4500
0019.954133
003CaOODSP
00520250820100436
006m     o  d f      
007cr cn ||||||||
008250818e20151021onc     obs  f000 0 fre d
040 |aCaOODSP|bfre|erda|cCaOODSP
043 |an-cn---
0861 |aCS82-003/2015-10-2F-PDF
1001 |aRotermann, Michelle, |eauteur.
24510|aCouplage des données du Recensement de 2006 et des données hospitalières au Canada / |cpar Michelle Rotermann, Claudia Sanmartin, Richard Trudeau et Hélène St-Jean.
264 1|a[Ottawa] : |bStatistique Canada = Statistics Canada, |cle 21 octobre 2015.
264 4|c©2015
300 |a1 ressource en ligne (pages 11-23).
336 |atexte|btxt|2rdacontent/fre
337 |ainformatique|bc|2rdamedia/fre
338 |aressource en ligne|bcr|2rdacarrier/fre
4901 |aRapports sur la santé, |x1209-1375 ; |vvol. 26, no 10, [2]
500 |aPublié aussi en anglais sous le titre : Linking 2006 Census and hospital data in Canada.
500 |aTitre de la couverture.
504 |aComprend des références bibliographiques (pages 22-23).
5203 |a« Le couplage d'enregistrements est couramment utilisé par les chercheurs du domaine de la santé pour combler les lacunes statistiques. L'étude présente un résumé des résultats du couplage des données du Recensement de la population de 2006 (sauf le Québec) et des données hospitalières provenant de la Base de données sur les congés des patients (BDCP) » -- Résumé, page 11.
650 6|aDossiers médicaux|xCouplage|zCanada.
650 6|aHôpitaux|xAdmission et sortie|zCanada|vStatistiques.
650 6|aHôpitaux|xArchives|zCanada|xInformatique.
651 6|aCanada|vRecensement, 2006.
7102 |aStatistique Canada, |eorganisme de publication.
77508|tLinking 2006 Census and hospital data in Canada / |w(CaOODSP)9.954134
830#0|aRapports sur la santé (Collection)|x1209-1375 ; |vv. 26, no 10, [2].|w(CaOODSP)9.950257
85640|qPDF|s729 Ko|uhttps://publications.gc.ca/collections/collection_2025/statcan/82-003-x/CS82-003-2015-10-2-fra.pdf
8564 |qHTML|ss.o.|uhttps://www150.statcan.gc.ca/n1/pub/82-003-x/2015010/article/14228-fra.htm
986 |a82-003-X